20 most popular animals - Statistics

General Stats
  • This quiz has been taken 53 times
  • The average score is 15 of 20
Answer Stats
Answer % Correct
lion king
98%
shark predator in sea
94%
giraffe tall neck
92%
elephant big
90%
penguin antarctica
88%
tiger predator
88%
whale big+water
86%
kangaroo jumps
84%
polar bear north pole
84%
cheetah fast
82%
zebra white and black
82%
gorilla strong
76%
chimpanzee a sort monkey
65%
giant panda white+ black
63%
giant tortoise big turtle
63%
dolphin water
61%
brown bear other name grizzly
59%
turtle bony shell
57%
rhino has horns
53%
Hippo strong mouth
47%
No matching quizzes found
Score Distribution
Percent of People with Each Score
Percentile by Number Answered
Your Score History
You have not taken this quiz